000 00897cas a2200253 a 4500
008
050 0 0 _aSCP94.5.W652
_bGEN
245 0 0 _aGender and media diversity journal:
_bgender, popular culture and Media Freedom
246 3 _aSouthern African media diversity journal
260 _aJohannesburg, South Africa :
_bGender Links
310 _aSemiannual
362 1 _aBegan with issue 3, copyrighted 2007.
500 _aIssues have also thematic titles.
650 0 _aMass media and women
_zAfrica, Southern
_vPeriodicals.
650 0 _aMass media
_xSocial aspects
_zAfrica, Southern
_vPeriodicals.
650 0 _aGender identity in mass media
_vPeriodicals.
710 2 _aGender and Media Diversity Centre.
907 _a.b10335857
_b22-10-13
_c22-10-13
003
005 20230123122031.0
040 _cNUST
049 _aMAIN
942 _cBOOKS
999 _c126664
_d126664